Komunikácia v manažmente a marketingu vybrané problémy
Guardado en:
| Autor principal: | |
|---|---|
| Autor Corporativo: | |
| Formato: | Libro |
| Lenguaje: | eslovaco |
| Publicado: |
Bratislava
Ekonomická univerzita
1994
|
| Edición: | 1. vyd. |
| Materias: | |
| Etiquetas: |
Sin Etiquetas, Sea el primero en etiquetar este registro!
|
MARC
| LEADER | 00000nam a2200000 4500 | ||
|---|---|---|---|
| 001 | c005202 | ||
| 005 | 20240502071308.4 | ||
| 020 | |a 80-225-0555-2 | ||
| 041 | 0 | |a slo | |
| 044 | |a SK | ||
| 245 | 1 | 0 | |a Komunikácia v manažmente a marketingu |b vybrané problémy |c Miroslava Szarková a kol. |
| 250 | |a 1. vyd. | ||
| 264 | 1 | |a Bratislava |b Ekonomická univerzita |c 1994 | |
| 300 | |a 111 s. | ||
| 610 | 2 | 0 | |a komunikácia |
| 610 | 2 | 0 | |a marketing |
| 610 | 2 | 0 | |a manažment |
| 610 | 2 | 0 | |a manažéri |
| 610 | 2 | 0 | |a psychológia |
| 610 | 2 | 0 | |a riadenie |
| 100 | 1 | |a Szarková, Miroslava, 1951- | |
| 710 | 2 | |a Ekonomická univerzita v Bratislave. Fakulta podnikového manažmentu | |